000 00452nam a2200145Ia 4500
008 100122s9999 xx 000 0 und d
082 _b28236
_a823
100 _aमराठे प्र द
245 _aमन शुध्द तुझं
260 _bदिपज्योती प्रकाशन
_c1905
300 _a172
630 _aमन शुध्द तुझं
730 _aमन शुध्द तुझं
942 _cBOOK
999 _c413986
_d413983